Statistics for Random hint to country

Click here to take the quiz!

General Stats

  • This quiz has been taken 174 times
  • The average score is 6 of 8

Answer Stats

HintAnswer% Correct
This country got nuked in World War 2Japan
95%
Largest country in North AmericaCanada
92%
In this country is the Pyramid Of GizaEgypt
92%
The country in which Lionel Messi livesArgentina
79%
Santiago is the capital of this countryChile
79%
Largest island nationIndonesia
59%
The country with most cultureIndia
46%
This country produces most apples in the worldChina
44%

Score Distribution

Percentile by Number Answered

Percent of People with Each Score

Your Score History

You have not taken this quiz